000
00498nam a2200181Ia 4500
008
090124s9999 xx 000 0 und d
082
_b
9567
100
_a
गोवरीकर दीपा
245
_a
तडा
250
_a
0
260
_b
श्री विशाखा प्रकाशन
_c
1977
300
_a
110
600
_a
गोवरीकर दीपा
630
_a
तडा
700
_a
गोवरीकर दीपा
730
_a
तडा
942
_c
BOOK
999
_c
85899
_d
85899